zpět

Detail výsledku týmu

Studentský klub, Opava

Datum a čas kvízu

33.5 Celkem bodů Celkový počet nahraných bodů na tomto kvízu bez doplňovacích otázek.
2. Pořadí na kvízu Konečné umístění týmu na tomto kvízu.

Zaznamenané odpovědi

# Otázka Odpověď Body Výsledky
1. Sociální demokraté si novým šé... 1
2. Nejmladší evropský stát Kosovo... 1
3. V Berlíně minulý týden začal d... 1
4. Mimořádná valná hromada jedné... 1
5. Ester Ledecká si v sobotu jen... 0
6. Který z těchto členů skupiny P... 1
7. Kdo bývá v řecké mytologii ozn... 1
8. Který z těchto výrobků nepatří... 0
9. Orion je kosmická loď vyvíjená... 1
10. Odrůda jablek Orion byla vyšle... 1